Countries that had Colonies - Statistics

General Stats
  • This quiz has been taken 96 times
    40 since last reset
  • The average score is 12 of 14
Answers on the Map
Answers color-coded by a green-red scale on the quiz's map according to % correct below.
 
Answer Stats
Answer % Correct
Spain
94%
Denmark
89%
France
89%
United Kingdom
89%
Japan
86%
Portugal
86%
Russia
86%
sweden
86%
Germany
83%
Italy
83%
Netherlands
83%
Austria
80%
Belgium
80%
United States
80%
No matching quizzes found
Score Distribution
Percent of People with Each Score
Percentile by Number Answered
Your Score History
You have not taken this quiz since the last reset